[Event "GER-ch Net Amateur Gr-B Vor3"]
[Site "Playchess.com INT"]
[Date "2020.04.16"]
[Round "1"]
[White "Thomzik, Dirk"]
[Black "Lange, Lars"]
[Result "0-1"]
[WhiteElo "1523"]
[BlackElo "1705"]
[PlyCount "58"]
[EventDate "2020.04.16"]
[EventType "swiss (blitz)"]
[EventRounds "9"]
[EventCountry "GER"]
[SourceTitle "CBM 195 Extra"]
[Source "ChessBase"]
[SourceDate "2020.05.31"]
[SourceVersion "1"]
[SourceVersionDate "2020.05.31"]
[SourceQuality "1"]

1. d4 Nf6 2. Nf3 g6 3. g3 Bg7 4. Bg2 0-0 5. 0-0 d5 6. c4 dxc4 7. Qc2 Nc6 8. Na3 Nxd4 9. Nxd4 Qxd4 10. Rd1 Qb6 11. Nxc4 Qa6 12. Bf4 Be6 13. Rac1 c6 14. a3 Rfd8 15. Ne5 Bd5 16. b4 Bxg2 17. Kxg2 Nd5 18. Qb3 Qxe2 19. Re1 Qa6 20. Bg5 f6 21. Ng4 fxg5 22. Rcd1 Qb6 23. Ne3 e6 24. Nc4 Qc7 25. Rxe6 Re8 26. Rde1 Qd7 27. R6e3 Nxe3+ 28. Rxe3 Kh8 29. Ne5 Rxe5 0-1

[Event "GER-ch Net Amateur Gr-B Vor2"]
[Site "Playchess.com INT"]
[Date "2020.04.15"]
[Round "7"]
[White "Lange, Lars"]
[Black "Schaefer, Konstantin"]
[Result "0-1"]
[WhiteElo "1787"]
[BlackElo "1765"]
[PlyCount "92"]
[EventDate "2020.04.15"]
[EventType "swiss (blitz)"]
[EventRounds "9"]
[EventCountry "GER"]
[SourceTitle "CBM 196 Extra"]
[Source "ChessBase"]
[SourceDate "2020.07.31"]
[SourceVersion "1"]
[SourceVersionDate "2020.07.31"]
[SourceQuality "1"]

1. d4 Nf6 2. c4 c5 3. d5 b5 4. Qc2 bxc4 5. e4 Ba6 6. Nc3 d6 7. Nf3 g6 8. Nd2 Bg7 9. Nxc4 0-0 10. Rb1 Nfd7 11. Bd3 Ne5 12. Nxe5 Bxe5 13. 0-0 Bxd3 14. Qxd3 Nd7 15. Bg5 Re8 16. f4 Bg7 17. b3 Qa5 18. Na4 Nb6 19. Nxb6 axb6 20. a4 Kf8 21. Qh3 Kg8 22. Bh6 Qb4 23. Bxg7 Kxg7 24. Qd3 Reb8 25. f5 b5 26. axb5 Rxb5 27. fxg6 hxg6 28. Qf3 Qd4+ 29. Kh1 f6 30. h3 Rb4 31. Rfe1 Rab8 32. Qg3 c4 33. Qg4 Rxb3 34. Rxb3 cxb3 35. Qe6 Rb7 36. Qc8 Qb4 37. Rb1 b2 38. Qg4 Qd2 39. Qc8 Qd3 40. Qxb7 Qxb1+ 41. Kh2 Qc1 42. Qxe7+ Kh6 43. Qf8+ Kg5 44. h4+ Kg4 45. Qxf6 Qf4+ 46. Qxf4+ Kxf4 0-1

[Event "Bad Soden U18 op 5th"]
[Site "Bad Soden"]
[Date "2018.09.30"]
[Round "1.10"]
[White "Rakhletskyy, Bobdan"]
[Black "Lange, Lars"]
[Result "0-1"]
[WhiteElo "796"]
[BlackElo "1848"]
[PlyCount "48"]
[EventDate "2018.09.30"]
[EventType "swiss"]
[EventRounds "9"]
[EventCountry "GER"]
[SourceTitle "EXT 2020"]
[Source "ChessBase"]
[SourceDate "2019.10.17"]
[SourceVersion "1"]
[SourceVersionDate "2019.10.17"]
[SourceQuality "1"]

1. e4 c5 2. Nf3 d6 3. Bb5+ Bd7 4. Bc4 Nc6 5. b3 Nf6 6. Ng5 e6 7. d3 h6 8. Nf3 a6 9. 0-0 b5 10. Bxe6 Bxe6 11. Bb2 Be7 12. Re1 0-0 13. e5 dxe5 14. Nxe5 Nxe5 15. Bxe5 Bd6 16. Bc3 Re8 17. Nd2 Bd5 18. h3 Rxe1+ 19. Qxe1 Qe7 20. Qd1 Re8 21. Nf3 b4 22. Bb2 Bxf3 23. Qxf3 Qe1+ 24. Rxe1 Rxe1# 0-1

[Event "Vellmar op 10th"]
[Site "Vellmar"]
[Date "2018.07.12"]
[Round "1"]
[White "Lange, Lars"]
[Black "Henrich, Thomas"]
[Result "0-1"]
[WhiteElo "1846"]
[BlackElo "2179"]
[PlyCount "86"]
[EventDate "2018.07.12"]
[EventType "swiss"]
[EventRounds "7"]
[EventCountry "GER"]
[SourceTitle "CBM 185 Extra"]
[Source "ChessBase"]
[SourceDate "2018.07.29"]
[SourceVersion "1"]
[SourceVersionDate "2018.07.29"]
[SourceQuality "1"]

1. d4 Nf6 2. c4 c5 3. d5 b5 4. Qc2 e6 5. e4 exd5 6. exd5 Qe7+ 7. Qe2 Na6 8. Na3 bxc4 9. Nxc4 Qxe2+ 10. Bxe2 Nb4 11. Ne3 Bb7 12. a3 Nbxd5 13. Nf3 Nf4 14. Bb5 Nxg2+ 15. Nxg2 Bxf3 16. 0-0 0-0-0 17. b4 Bb7 18. Be3 Nd5 19. bxc5 Kb8 20. Rac1 Be7 21. Bd4 h5 22. Bxg7 Rhg8 23. Be5+ Ka8 24. c6 dxc6 25. Bxc6 Bxa3 26. Bxb7+ Kxb7 27. Rc4 f6 28. Rb1+ Ka8 29. Bg3 Rc8 30. Rxc8+ Rxc8 31. Nf4 Nc3 32. Rb3 Bc1 33. Nxh5 a5 34. Rb6 Ka7 35. Rxf6 a4 36. Be5 Rc4 37. Bxc3 Rxc3 38. Rf7+ Ka6 39. Rf8 a3 40. Ra8+ Kb7 41. Ra4 Rc6 42. f4 Ra6 43. Rc4 Be3+ 0-1

[Event "Vellmar op 9th"]
[Site "Vellmar"]
[Date "2017.07.14"]
[Round "2"]
[White "Lange, Lars"]
[Black "Lehnert, Michael"]
[Result "0-1"]
[WhiteElo "1733"]
[BlackElo "1899"]
[PlyCount "84"]
[EventDate "2017.07.13"]
[EventType "swiss"]
[EventRounds "7"]
[EventCountry "GER"]
[SourceTitle "CBM 179 Extra"]
[Source "ChessBase"]
[SourceDate "2017.08.23"]
[SourceVersion "1"]
[SourceVersionDate "2017.08.23"]
[SourceQuality "1"]

1. d4 f5 2. Nf3 Nf6 3. g3 b6 4. Bg2 Bb7 5. 0-0 e6 6. c4 Be7 7. Nc3 0-0 8. b3 Ne4 9. Bb2 Bf6 10. Nd2 Nxc3 11. Bxc3 Bxg2 12. Kxg2 c5 13. e3 d5 14. Nf3 Nc6 15. Rc1 dxc4 16. dxc5 e5 17. bxc4 Qxd1 18. Rfxd1 bxc5 19. Rd5 e4 20. Ne5 Bxe5 21. Bxe5 Nb4 22. Rd7 Rf7 23. Rxf7 Kxf7 24. Bd6 Ke6 25. Bc7 Nxa2 26. Ra1 Nb4 27. Bb6 Nd3 28. Rxa7 Rb8 29. Ba5 Rb2 30. Rxg7 Nxf2 31. Rxh7 Ng4+ 32. Kg1 Rb1+ 33. Kg2 Nxe3+ 34. Kf2 Nxc4 35. Bc7 Rb2+ 36. Ke1 e3 37. Bf4 Kd5 38. Re7 Kd4 39. h4 Rh2 40. Rd7+ Ke4 41. Re7+ Kf3 42. Kd1 e2+ 0-1

[Event "Hessen-ch U14"]
[Site "Bad Homburg"]
[Date "2015.03.30"]
[Round "1"]
[White "Lange, Lars"]
[Black "Bajorski, Marius"]
[Result "0-1"]
[WhiteElo "1290"]
[BlackElo "1759"]
[PlyCount "66"]
[EventDate "2015.03.30"]
[EventType "swiss"]
[EventRounds "7"]
[EventCountry "GER"]
[SourceTitle "EXT 2017"]
[Source "ChessBase"]
[SourceDate "2016.10.25"]
[SourceVersion "1"]
[SourceVersionDate "2016.10.25"]
[SourceQuality "1"]

1. e4 e5 2. Nf3 Nc6 3. Bb5 a6 4. Bxc6 dxc6 5. d4 exd4 6. Qxd4 Qf6 7. Bg5 Qxd4 8. Nxd4 Bd6 9. 0-0 f6 10. Bd2 Ne7 11. Re1 Bd7 12. Nc3 0-0-0 13. Nce2 Bg4 14. a4 Bxe2 15. Rxe2 Bxh2+ 16. Kxh2 Rxd4 17. Bc3 Rd7 18. e5 Nd5 19. Be1 Re8 20. c4 Nf4 21. Re4 Nd3 22. Re2 Nxe5 23. Kh1 Rde7 24. Bc3 Nxc4 25. Rc2 Re2 26. Rac1 Rxc2 27. Rxc2 Nb6 28. b3 Nd5 29. Bd4 Re1+ 30. Kh2 Kd7 31. Kg3 Rd1 32. Bc3 Rd3+ 33. Kg4 Rxc3 0-1

[Event "Hessen-ch U12"]
[Site "Bad Homburg"]
[Date "2013.??.??"]
[Round "6"]
[White "Kirchner, Markus"]
[Black "Lange, Lars"]
[Result "0-1"]
[WhiteElo "998"]
[BlackElo "1235"]
[PlyCount "100"]
[EventDate "2013.03.??"]
[EventType "swiss"]
[EventRounds "9"]
[EventCountry "GER"]
[SourceTitle "EXT 2014"]
[Source "ChessBase"]
[SourceDate "2013.11.20"]
[SourceVersion "1"]
[SourceVersionDate "2013.11.20"]
[SourceQuality "1"]

1. e4 e6 2. d4 d5 3. exd5 exd5 4. Be3 Bd6 5. Nc3 c6 6. Bd3 Ne7 7. Nge2 0-0 8. 0-0 Bf5 9. a3 Qc7 10. Ng3 Bxd3 11. Qxd3 Qb6 12. Rfe1 Re8 13. Qd2 Qc7 14. Re2 Ng6 15. Rae1 Na6 16. Bg5 Rxe2 17. Rxe2 f6 18. Be3 Qd7 19. Nh5 Nc7 20. Bf4 Nxf4 21. Nxf4 Qg4 22. Nh3 Ne6 23. Qe1 Nxd4 24. Re8+ Rxe8 25. Qxe8+ Bf8 26. f3 Nxf3+ 27. Kf1 Nd4 28. Nf2 Qe6 29. Qxe6+ Nxe6 30. Ke2 Bd6 31. g3 Kf7 32. Ke3 Bc5+ 33. Ke2 Bxf2 34. Kxf2 Nd4 35. Ke3 Nb5 36. Nxb5 cxb5 37. Kd4 Ke6 38. g4 Kd6 39. b4 g6 40. h4 b6 41. c3 h6 42. Kd3 Ke5 43. Ke3 g5 44. hxg5 hxg5 45. Kf3 f5 46. gxf5 Kxf5 47. Kg3 g4 48. Kg2 Kf4 49. Kf2 g3+ 50. Kg2 Ke3 0-1

[Event "Hessen-ch U12"]
[Site "Bad Homburg"]
[Date "2012.??.??"]
[Round "8"]
[White "Lange, Lars"]
[Black "Reinecke, Katharina"]
[Result "0-1"]
[WhiteElo "843"]
[BlackElo "1060"]
[PlyCount "130"]
[EventDate "2012.04.??"]
[EventType "swiss"]
[EventRounds "9"]
[EventCountry "GER"]
[SourceTitle "EXT 2015"]
[Source "ChessBase"]
[SourceDate "2014.11.20"]
[SourceVersion "1"]
[SourceVersionDate "2014.11.20"]
[SourceQuality "1"]

1. e4 e5 2. Nf3 Nc6 3. Bc4 Bc5 4. d3 h6 5. Nc3 Nf6 6. Be3 Bb6 7. 0-0 d6 8. Qe2 Bg4 9. h3 Bh5 10. Rfe1 Nd4 11. Bxd4 Bxd4 12. Rab1 0-0 13. Nd5 c6 14. Nb4 Bb6 15. c3 Re8 16. Red1 Qe7 17. d4 exd4 18. cxd4 Qxe4 19. Qxe4 Rxe4 20. Nc2 d5 21. Bb3 Bxf3 22. gxf3 Re7 23. Ne3 g6 24. f4 Re4 25. Nc2 Rxf4 26. a4 Ne4 27. Rf1 Nd2 28. Rfe1 Nxb1 29. Rxb1 Bxd4 30. Nxd4 Rxd4 31. Re1 Re4 32. Rd1 Rae8 33. Kf1 Rb4 34. Rd3 Rbe4 35. Rd1 R4e7 36. Bc2 Rd7 37. b3 Red8 38. Bd3 c5 39. Rc1 c4 40. bxc4 dxc4 41. Bxc4 Rd1+ 42. Rxd1 Rxd1+ 43. Ke2 Rh1 44. Bd5 Rxh3 45. Bxb7 Ra3 46. Bc6 Kf8 47. f3 Ke7 48. Kf2 Rc3 49. Bb5 Rc5 50. Kg3 h5 51. Kh4 Rf5 52. Bc6 Kd6 53. Be4 Rc5 54. Kg3 Rc4 55. Kf4 f5 56. Kg5 fxe4 57. fxe4 Rxe4 58. Kxg6 Rxa4 59. Kg5 h4 60. Kf5 h3 61. Kf6 h2 62. Kf5 h1Q 63. Kf6 Qf3+ 64. Kg5 Rg4+ 65. Kh6 Qh1# 0-1

[Event "Hessen-ch U12"]
[Site "Bad Homburg"]
[Date "2012.??.??"]
[Round "9"]
[White "Schwarz, Daniel"]
[Black "Lange, Lars"]
[Result "1/2-1/2"]
[WhiteElo "787"]
[BlackElo "843"]
[PlyCount "71"]
[EventDate "2012.04.??"]
[EventType "swiss"]
[EventRounds "9"]
[EventCountry "GER"]
[SourceTitle "EXT 2015"]
[Source "ChessBase"]
[SourceDate "2014.11.20"]
[SourceVersion "1"]
[SourceVersionDate "2014.11.20"]
[SourceQuality "1"]

1. e4 e5 2. Nf3 Nc6 3. Bc4 Bc5 4. d3 Nf6 5. Nc3 h6 6. 0-0 d6 7. h3 Be6 8. Bb3 0-0 9. Be3 Bb6 10. Qd2 Qd7 11. Rad1 Rad8 12. Rfe1 Rfe8 13. d4 exd4 14. Nxd4 Bxb3 15. axb3 Nxe4 16. Nxe4 Rxe4 17. c3 Nxd4 18. Bxd4 Rxe1+ 19. Rxe1 Bxd4 20. Qxd4 Ra8 21. Re3 Qf5 22. Rg3 Qe5 23. Qg4 g6 24. Re3 Qd5 25. c4 Qa5 26. Qd7 Qb6 27. Re7 Rf8 28. Qxc7 Qxc7 29. Rxc7 Re8 30. f3 Re2 31. Rxb7 Rxb2 32. Kh2 a5 33. Ra7 Rxb3 34. Rxa5 Rc3 35. Ra6 Rxc4 36. Rxd6 1/2-1/2